| 000 | 00684nam a2200205 i 4500 | ||
|---|---|---|---|
| 001 | 179844 | ||
| 003 | ES-MaACL | ||
| 005 | 20240523063053.0 | ||
| 008 | 120201q19001930fr |||| | fre d | ||
| 080 | _a821.133.1-32"18" | ||
| 100 | 0 |
_aNerval, Gérard de, _d1808-1855 _985401 |
|
| 245 | 1 | 0 |
_aSylvie ; La main enchatée / _cGérard de Nerval. |
| 260 |
_aParis : _bLibrairie Nilsson, _c[19-?] |
||
| 300 |
_a124 p. ; _c17 cm. |
||
| 490 | 1 | _aLes 100 chefs d'oeuvre qu'il faut lire | |
| 740 | 3 | _aLa main enchantée. | |
| 830 | 0 |
_aLes 100 chefs d'oeuvre qu'il faut lire _9224549 |
|
| 852 |
_aES-MaACL _jD-2201 _z.- Legado M. de la Fuente |
||
| 999 |
_c179844 _d179844 |
||